02004nam a2200397 i 4500003000900000005001700009008004000026017001200066020001500078040004600093041000800139082002600147092000700173099003600180100005500216245015800271264006600429300003200495336002200527337002400549338003300573504010800606546011600714650003500830650003100865651001000896700004600906700003500952856005700987905000701044942001901051999001701070952017301087952017301260952017301433EG-GICUC20260121101513.0251216s1999 ua ||||f |||| 00| 0 ara d a6813370 a9770424250 a EG-GICUCbarac EG-GICUCd EG-GICUCerda aara04221a343.6bا ش . م04221 aLaw1 10 343.6 ا ش . م 1999 0 aاشرف توفيق شمس الدينeمؤلف.10aمبادئ علم الإجرام وعلم العقاب /cاشرف توفيق شمس الدين ، السيد محمد عتيق ، علي حمودة. 1aالقاهرة :bدار النهضة العربية،c1999. a؛ 629 صفحة c24 سم. 2rda contentatext 2rda mediaaComputer 2rda carrieraOnline Resource aيحتوي على ارجاعات ببليوجرافية يحتوي على قائمة بالمراجع aالنص أغلبه باللغة العربية بعض النصوص الإنجليزية والفرنسية14aعلم الإجرام2qrmak14aعلم العقاب2qrmak1 2qrmak aالسيد محمد عتيقeمؤلف. aعلي حمودةeمؤلف.40uhttps://fll.law.cu.edu.eg/fulltext/bks/B10-07105.pdf a75 2ddccBKe21n0 c50954d50954 00102ddc40708القانون الجنائيaCUbLAW1d2025-12-16l0oLaw1 10 343.6 ا ش . م 1999 1007105 C2pB10-07105r2025-12-16 17:39:00t2w2025-12-16yBK 00102ddc40718القانون الجنائيaCUbLAW2d2025-12-16l0oLaw2 10 343.6 ا ش . م 1999 1007106 C3pB10-07106r2025-12-16 17:40:00t3w2025-12-16yBK 00102ddc40718القانون الجنائيaCUbLAW1d2025-12-16l0oLaw1 10 343.6 ا ش . م 1999 1007104 C1pB10-07104r2025-12-16 17:41:00t1w2025-12-16yBK